Statistics for Business Letter

Click here to take the quiz!

General Stats

  • This quiz has been taken 2 times
  • The average score is 6 of 10

Answer Stats

QuestionAnswer% Correct
The business letter is a type of __________ communicationwritten
100%
_________ is also called as use of 'You attitude'.consideration
100%
_________ saves the time of the reader and proves more effective.conciseness
100%
Good business letter is that which conveys ________ information in minimum words.maximum
100%
Good business letter is important for maintaining ________ of the business.image
50%
A letter must give ________ information to the reader.complete
50%
A business letter is not used for communicating with __________.employees
50%
The business letter is written by ___________ .secretary
50%
_________ is the soul of the business.clarity
0%
A business letter is used to communicate in ___________ way..professional
0%

Score Distribution

Percentile by Number Answered

Percent of People with Each Score

Your Score History

You have not taken this quiz